| 000 | 00508nam a2200217Ia 4500 | ||
|---|---|---|---|
| 008 | 210210b2011 xxu||||| |||| 00| 0 eng d | ||
| 020 | _a9788131604168 | ||
| 041 | _aeng | ||
| 082 | _a361.303 PIED | ||
| 100 | _aPIERSON (John) | ||
| 245 | _aDictionary of social work | ||
| 260 |
_aJaipur _bRawat Publications _c2011 |
||
| 300 | _aviii,580 | ||
| 650 | _awork | ||
| 650 | _asocial | ||
| 650 | _aof | ||
| 650 | _aDictionary | ||
| 690 | _aSocial Work | ||
| 700 | _aTHOMAS (Martin) | ||
| 906 | _a066053 | ||
| 999 |
_c146780 _d146780 |
||